| 000 | 01344cam a2200349 a 4500 | ||
|---|---|---|---|
| 999 |
_c3808 _d3808 |
||
| 001 | 15578206 | ||
| 003 | GZU | ||
| 005 | 20210309143728.0 | ||
| 008 | 090107s2008 sa a b 000 0 eng d | ||
| 010 | _a 2008544943 | ||
| 020 | _a9781920118693 | ||
| 020 | _a1920118691 | ||
| 020 | _a9781920118693 | ||
| 035 | _a(OCoLC)ocn269316916 | ||
| 040 |
_aNUI _cNUI _dYDXCP _dOI@ _dEMU _dDLC |
||
| 042 | _alccopycat | ||
| 043 |
_afe----- _afs----- |
||
| 050 | 0 | 0 |
_aRA643.86.A35 _bHIV 2008 |
| 245 | 0 | 0 |
_aHIV/AIDS financing and spending in Eastern and Southern Africa / _cedited by Vailet Mukotsanjera. |
| 246 | 1 | 4 | _aHIV/AIDS financing & spending in Eastern & Southern Africa |
| 260 |
_aPretoria : _bIDASA, _c2008. |
||
| 300 |
_axxvi, 243 p. : _bill. ; _c25 cm. |
||
| 504 | _aIncludes bibliographical references. | ||
| 505 | 0 | _aIntroduction -- General overview of findings -- Ethiopia -- Kenya -- Malawi -- Tanzania -- Zanzibar -- Zambia. | |
| 650 | 0 |
_aAIDS (Disease) _xEconomic aspects _zAfrica, Eastern. |
|
| 650 | 0 |
_aAIDS (Disease) _xEconomic aspects _zAfrica, Southern. |
|
| 650 | 0 |
_aHIV infections _xEconomic aspects _zAfrica, Eastern. |
|
| 650 | 0 |
_aHIV infections _xEconomic aspects _zAfrica, Southern. |
|
| 700 | 1 |
_aMukotsanjera, Vailet. _eeditor |
|
| 906 |
_a7 _bcbc _ccopycat _d3 _encip _f20 _gy-gencatlg |
||
| 942 |
_2lcc _cBK _h643.86.A35 _iHIV _kRA |
||